| 000 | 01182cab a22002055a 4500 | ||
|---|---|---|---|
| 001 | L154334 | ||
| 008 | 111114e20111111xxk 000 0 eng d | ||
| 035 | _a(Sirsi) u154334 | ||
| 041 | 0 | _aeng | |
| 100 | 1 | _aUnger, Paul | |
| 245 | 0 | 0 |
_aMarkets _bnorth-west |
| 260 | _c2011 | ||
| 490 | 0 |
_aProperty Week _v77(45) 11 November 2011, 40(1) |
|
| 520 | _aPrologis's proposed 1.2m sq ft shed for Amazon is at the centre of a planning battle between Halton and Halebank councils. Aviva Investors proposed redevelopment of Manchester's Triangle includes reverting to the historic Corn Exchange name. Banks are actively managing some of their distressed assets rather than rushing in to sales: Merseyway, Stockport and Grand Arcade, Wigan. JCB heir, Joe Bamford, to buy 500 acre residential and leisure use site at Woodford, straddling Stockport and east Cheshire. BBC and ITV anchor Peel Group's 36 acre £500m first phase of its Media City UK development in Salford. | ||
| 590 | _aKA | ||
| 651 | 4 |
_aEngland _y886- |
|
| 690 | _aPROPERTY-COMMERCIAL PROPERTY-COMMERCIAL PROPERTY MARKET | ||
| 690 | _aPROPERTY-COMMERCIAL PROPERTY-COMMERCIAL PROPERTY FINANCE AND INVESTMENT | ||
| 942 | _n0 | ||
| 999 |
_c83582 _d83582 |
||